000 00225nam a22000977a 4500
003 OSt
008 210113b ||||| |||| 00| 0 eng d
100 _aNarayanapilla, M. R
_94840
245 _aNaliniyude anthardhanam
942 _cBK
999 _c16456
_d16456